<?xml version="1.0" encoding="UTF-8"?>
<collection xmlns="http://www.loc.gov/MARC21/slim">
  <record>
    <leader>00000nam  2200000   4500</leader>
    <controlfield tag="001">INLIS000000000017247</controlfield>
    <controlfield tag="005">20240830112952</controlfield>
    <datafield tag="035" ind1="#" ind2="#">
      <subfield code="a">0010-0624000150</subfield>
    </datafield>
    <controlfield tag="007">ta</controlfield>
    <controlfield tag="008">240830################|##########|#|##</controlfield>
    <datafield tag="084" ind1="#" ind2="#">
      <subfield code="a">R 021 PKA 2023</subfield>
    </datafield>
    <datafield tag="100" ind1=" " ind2="#">
      <subfield code="a">Eryansyah Ella</subfield>
    </datafield>
    <datafield tag="245" ind1="1" ind2="#">
      <subfield code="a">Optimalisasi Pelayanan BBSPN Tekstil Melalui Penyusunan SOP Industrial Services Dan Solution Center (ISSC) /</subfield>
      <subfield code="c">Eryansyah Ella</subfield>
    </datafield>
    <datafield tag="260" ind1="#" ind2="#">
      <subfield code="a">Jakarta :</subfield>
      <subfield code="b">Pusbangkom Pimnas dan Manajerial ASN,</subfield>
      <subfield code="c">2023</subfield>
    </datafield>
    <datafield tag="300" ind1="#" ind2="#">
      <subfield code="a">50 halaman ;</subfield>
      <subfield code="c">30 cm</subfield>
    </datafield>
    <datafield tag="650" ind1="#" ind2="4">
      <subfield code="a">SOP</subfield>
    </datafield>
    <datafield tag="520" ind1="#" ind2="#">
      <subfield code="a">Dalam melaksanakan kegiatan pelayanan publik suatu instansi penyelenggara layanan publik harus selalu memperhatikan azas ketepatan waktu kecepatan, kemudahan, dan keterjangkauan. Hal ini seperti yang diamanatkan dalam Undang-Undang nomor 25 Tahun 2009 tentang Pelayanan Publik. Ketepatan dan Kecepatan waktu layanan akan dapat dicapai oleh suatu instansi penyelenggara layanan publik apabila kinerja para pegawainya sudah baik. Dimana seluruh jajaran pegawai harus mampu menciptakan organisasi berkinerja tinggi yang mampu mengkreasikan pengetahuannya untuk memenuhi kebutuhan masyarakat.</subfield>
    </datafield>
    <datafield tag="856" ind1="#" ind2="#">
      <subfield code="a">Perpustakaan LAN Pusat</subfield>
    </datafield>
    <datafield tag="990" ind1="#" ind2="#">
      <subfield code="a">24.06.021</subfield>
    </datafield>
  </record>
</collection>
